[Event "SportAccord Blitz Men 2013"]
[Site "Beijing CHN"]
[Date "2013.12.14"]
[Round "1.1"]
[White "Ponomariov, Ruslan"]
[Black "Aronian, Levon"]
[Result "0-1"]
[WhiteTitle "GM"]
[BlackTitle "GM"]
[WhiteElo "2731"]
[BlackElo "2803"]
[WhiteFideId "14103320"]
[BlackFideId "13300474"]
[EventDate "2013.12.14"]

1. d4 Nf6 2. c4 c5 3. d5 b5 4. a4 b4 5. Nd2 g6 6. e4 d6 7. g3 Bg7 8. Bg2 O-O 9.
Ne2 Nbd7 10. O-O Rb8 11. Rb1 e6 12. dxe6 fxe6 13. b3 Bb7 14. Bb2 Qe7 15. h3 Ne5
16. f4 Nc6 17. Kh2 Nd7 18. Bxg7 Kxg7 19. Nf3 e5 20. f5 Nd4 21. Nexd4 exd4 22.
fxg6 hxg6 23. Nh4 Ne5 24. Qd2 Rbe8 25. Rbe1 Bc8 26. Rf4 Rxf4 27. gxf4 Qxh4 28.
fxe5 dxe5 29. Rf1 Rf8 30. Rxf8 Kxf8 31. Qd3 Qf4+ 32. Kg1 Kg7 33. Kh1 a5 34. Kg1
Kh6 35. Kh1 Kg5 36. Qe2 Qc1+ 37. Kh2 Qe3 38. Qd1 d3 39. Bf3 Qf2+ 40. Bg2 d2 0-1

[Event "SportAccord Blitz Men 2013"]
[Site "Beijing CHN"]
[Date "2013.12.14"]
[Round "1.2"]
[White "Wang, Hao"]
[Black "Vachier-Lagrave, Maxime"]
[Result "1/2-1/2"]
[WhiteTitle "GM"]
[BlackTitle "GM"]
[WhiteElo "2735"]
[BlackElo "2745"]
[WhiteFideId "8602883"]
[BlackFideId "623539"]
[EventDate "2013.12.14"]

1. d4 d5 2. c4 c6 3. Nf3 Nf6 4. e3 Bg4 5. h3 Bf5 6. Nc3 e6 7. Bd3 Bxd3 8. Qxd3
Bb4 9. O-O O-O 10. a3 Bxc3 11. bxc3 Nbd7 12. a4 Re8 13. a5 e5 14. Nd2 Qc7 15.
Bb2 Rad8 16. Rfb1 Nf8 17. cxd5 e4 18. Qe2 Rxd5 19. c4 Rg5 20. d5 N8d7 21. dxc6
Qxc6 22. Nb3 Qc8 23. Rd1 h6 24. Kf1 Kh7 25. Rd6 Ne5 26. Bxe5 Rgxe5 27. Rad1 R5e6
28. Rxe6 Rxe6 29. Rd4 Qc7 30. g3 b6 31. axb6 Rxb6 32. Qa2 Qc8 33. Kg2 Qb7 34.
Nc5 Qc6 35. Qa5 a6 36. Nxe4 Nxe4 37. Qf5+ Qg6 38. Qxe4 Qxe4+ 39. Rxe4 Rc6 40.
Re7 f6 41. Ra7 Rxc4 42. Rxa6 h5 43. Kf3 Kg6 44. e4 Rc2 45. Ra7 Kh6 46. h4 Kg6
47. Ke3 Rc4 48. Ra5 Rc3+ 49. Kf4 Rc2 50. f3 Rc4 51. Ra6 Rb4 52. Rd6 Ra4 53. Ke3
Ra3+ 54. Rd3 Ra1 55. Kf4 Ra4 56. Ke3 Ra1 57. Rd4 Ra3+ 58. Kf4 Ra1 59. e5 fxe5+
60. Kxe5 Ra3 61. Kf4 Ra5 62. Re4 Kf6 63. Rb4 Rf5+ 64. Ke3 Re5+ 65. Re4 Ra5 66.
Kf4 Rf5+ 67. Ke3 Ra5 68. Rf4+ Kg6 69. Rb4 Re5+ 70. Kd4 Ra5 71. Rb6+ Kh7 72. Ke4
Ra4+ 73. Kf5 Ra3 74. Kf4 Ra4+ 75. Ke3 Ra3+ 76. Kf4 Ra4+ 77. Ke3 Ra3+ 78. Ke4 1/2-1/2

[Event "SportAccord Blitz Men 2013"]
[Site "Beijing CHN"]
[Date "2013.12.14"]
[Round "1.3"]
[White "Leko, Peter"]
[Black "Giri, Anish"]
[Result "1/2-1/2"]
[WhiteTitle "GM"]
[BlackTitle "GM"]
[WhiteElo "2730"]
[BlackElo "2734"]
[WhiteFideId "703303"]
[BlackFideId "24116068"]
[EventDate "2013.12.14"]

1. e4 c5 2. Nf3 g6 3. c3 Nf6 4. e5 Nd5 5. d4 cxd4 6. cxd4 Bg7 7. Bc4 Nb6 8. Bb3
O-O 9. O-O d6 10. h3 Nc6 11. Bf4 dxe5 12. dxe5 Qxd1 13. Rxd1 Bf5 14. Nc3 Na5 15.
Bd5 Nxd5 16. Nxd5 Nc6 17. Nc3 Rad8 18. g4 Bc8 19. Rac1 Rxd1+ 20. Rxd1 Rd8 21.
Rxd8+ Nxd8 22. Nd4 f6 23. exf6 exf6 24. Ndb5 a6 25. Nd6 Be6 26. Ne8 Kf7 27. Nxg7
Kxg7 28. f3 h6 29. Kf2 g5 30. Be3 f5 31. a3 Kf7 32. gxf5 Bxf5 33. Kg3 Nc6 34. h4
gxh4+ 35. Kxh4 Ne5 36. Bxh6 Nxf3+ 37. Kg3 Nd4 38. Be3 Ne6 39. Kf2 Ke8 40. Ke2
Kd7 41. Kd2 Kc6 42. Bf2 Bg6 43. Be3 Bf5 44. Bf2 Bg6 45. Be3 Bf5 1/2-1/2

[Event "SportAccord Blitz Men 2013"]
[Site "Beijing CHN"]
[Date "2013.12.14"]
[Round "1.4"]
[White "Kamsky, Gata"]
[Black "Dominguez Perez, Leinier"]
[Result "1-0"]
[WhiteTitle "GM"]
[BlackTitle "GM"]
[WhiteElo "2721"]
[BlackElo "2754"]
[WhiteFideId "2000024"]
[BlackFideId "3503240"]
[EventDate "2013.12.14"]

1. d4 Nf6 2. c3 g6 3. Nf3 Bg7 4. Bg5 O-O 5. Nbd2 d6 6. e4 c5 7. dxc5 dxc5 8. Be2
Nc6 9. O-O Qc7 10. Re1 h6 11. Bh4 Nh5 12. Nc4 g5 13. Bg3 Nxg3 14. hxg3 Rd8 15.
Qc2 b6 16. a4 Bg4 17. e5 Be6 18. Qe4 Bd5 19. Qe3 g4 20. Nh4 Nxe5 21. Nxe5 Qxe5
22. Qxe5 Bxe5 23. Nf5 Kf8 24. Nxh6 Bg7 25. Nxg4 Bb3 26. Bd1 Be6 27. Bf3 Rab8 28.
Ne3 Rd2 29. Re2 Rxe2 30. Bxe2 Rd8 31. Bc4 Bh6 32. Bxe6 Bxe3 33. Bc4 Bg5 34. Kf1
Rd2 35. Rb1 Rc2 36. Ke1 Rc1+ 37. Rxc1 Bxc1 38. b3 Bg5 39. Ke2 e6 40. g4 Ke7 41.
Kd3 Kd6 42. g3 f6 43. f4 Bh6 44. Ba6 Ke7 45. Bc8 Kd6 46. Ke4 Ke7 47. b4 cxb4 48.
cxb4 Kd6 49. b5 Ke7 50. Kd4 Kd6 51. Bb7 Ke7 52. Be4 Kd6 53. Bh7 Bg7 54. Ke4 Bh6
55. Bg8 Ke7 56. Kf3 Kd6 57. Kg2 Ke7 58. Kh3 e5 59. g5 fxg5 60. fxe5 Bg7 61. e6
Bc3 62. Kg4 Be1 63. Kf3 Kd6 64. g4 Ke7 65. Ke4 Bf2 66. Kf5 Be3 67. Ke5 Bf4+ 68.
Kd5 Kd8 69. Kc6 Be5 70. Kb7 Bc3 71. Kxa7 Ba5 72. Kb7 Ke8 73. Kc7 Ke7 74. Bf7 Kf8
75. Kd7 Bb4 76. a5 1-0

[Event "SportAccord Blitz Men 2013"]
[Site "Beijing CHN"]
[Date "2013.12.14"]
[Round "1.5"]
[White "Le, Quang Liem"]
[Black "Radjabov, Teimour"]
[Result "1/2-1/2"]
[WhiteTitle "GM"]
[BlackTitle "GM"]
[WhiteElo "2703"]
[BlackElo "2713"]
[WhiteFideId "12401137"]
[BlackFideId "13400924"]
[EventDate "2013.12.14"]

1. e4 e5 2. Nf3 Nc6 3. Bb5 Nf6 4. d3 Bc5 5. c3 O-O 6. O-O d6 7. h3 a6 8. Bxc6
bxc6 9. Nbd2 Re8 10. Re1 Ba7 11. Nf1 Rb8 12. Qc2 h6 13. Ng3 a5 14. Be3 Bxe3 15.
Rxe3 c5 16. d4 Qd7 17. b3 Qc6 18. dxe5 dxe5 19. c4 Nh7 20. Qc3 f6 21. Qxa5 Nf8
22. Ne2 Ne6 23. Nc3 Nd4 24. Nd5 Nc2 25. Rae1 Rb7 26. R3e2 Nxe1 27. Nxe1 Qd6 28.
Rd2 Kh8 29. Nd3 c6 30. Ne3 Qd8 31. Qc3 Rd7 32. Nf1 Qb6 33. Nb2 Rd4 34. Na4 Qb4
35. Qxb4 cxb4 36. Rxd4 exd4 37. Nd2 f5 38. f3 fxe4 39. fxe4 Rf8 40. Nc5 Kg8 41.
Nd3 Bb7 42. Nxb4 Kf7 43. Nd3 Ke7 44. a4 Kd6 45. e5+ Kc7 46. a5 Bc8 47. Nc5 Bf5
48. g4 Bc8 49. Kg2 h5 50. Kg3 hxg4 51. hxg4 Rh8 52. Nf3 Rd8 53. Nd3 Be6 54. Nc5
Bg8 55. Kf2 Rf8 56. Ke2 Rf4 57. g5 Rg4 58. e6 Kd6 59. a6 Rg2+ 60. Kf1 Ra2 61. b4
Bxe6 62. Nxe6 Kxe6 63. Nxd4+ Kd6 64. b5 cxb5 65. cxb5 Kc5 66. Ne6+ Kxb5 67. Nxg7
Rxa6 68. Nf5 Rg6 69. Nd4+ Kc4 70. Nf3 Kd5 71. Kg2 Ke4 72. Kg3 Kf5 73. Nh4+ Kxg5
74. Nxg6 Kxg6 1/2-1/2

[Event "SportAccord Blitz Men 2013"]
[Site "Beijing CHN"]
[Date "2013.12.14"]
[Round "1.6"]
[White "Grischuk, Alexander"]
[Black "Karjakin, Sergey"]
[Result "1-0"]
[WhiteTitle "GM"]
[BlackTitle "GM"]
[WhiteElo "2783"]
[BlackElo "2756"]
[WhiteFideId "4126025"]
[BlackFideId "14109603"]
[EventDate "2013.12.14"]

1. d4 Nf6 2. c4 e6 3. Nf3 b6 4. a3 Bb7 5. Nc3 d5 6. cxd5 Nxd5 7. e3 g6 8. Bb5+
c6 9. Bd3 Bg7 10. Ne4 O-O 11. O-O Nf6 12. b4 a5 13. Bb2 axb4 14. axb4 Rxa1 15.
Qxa1 Nd5 16. Qa4 Nd7 17. Rc1 Qe7 18. Qa7 N7f6 19. Nxf6+ Bxf6 20. Ba6 Qxb4 21.
Qxb7 Qxb2 22. Rxc6 g5 23. h3 h5 24. Nh2 Kg7 25. Bc4 Nb4 26. Rc7 Qa1+ 27. Nf1 Qa8
28. Bxe6 Qxb7 29. Rxb7 Bd8 30. Bb3 h4 31. Nd2 Kg6 32. Nc4 f6 33. Nxb6 Nc6 34.
Bc2+ f5 35. Nc4 Bf6 36. Nd6 Ne7 37. Rb5 Bg7 38. Bd3 Rf6 39. Nc4 Ra6 40. Ra5 Rxa5
41. Nxa5 Kf6 42. Kf1 Bf8 43. Ke2 Nd5 44. Nc4 Nc3+ 45. Kf3 Nd5 46. Ne5 Bd6 47.
Nd7+ Ke6 48. Nc5+ Kf6 49. e4 Bxc5 50. dxc5 Nf4 51. Bc2 Ne6 52. Ke3 Nxc5 53. exf5
Nd7 54. Kd4 Ne5 55. Be4 Nf7 56. Bd5 Ne5 57. Be6 Nc6+ 58. Ke4 Nd8 59. f4 gxf4 60.
Kxf4 Nc6 1-0

[Event "SportAccord Blitz Men 2013"]
[Site "Beijing CHN"]
[Date "2013.12.14"]
[Round "1.7"]
[White "Nepomniachtchi, Ian"]
[Black "Ivanchuk, Vassily"]
[Result "1-0"]
[WhiteTitle "GM"]
[BlackTitle "GM"]
[WhiteElo "2721"]
[BlackElo "2731"]
[WhiteFideId "4168119"]
[BlackFideId "14100010"]
[EventDate "2013.12.14"]

1. c4 c6 2. Nf3 d5 3. e3 Nf6 4. Nc3 a6 5. Qc2 g6 6. d4 Bg7 7. Be2 O-O 8. O-O Be6
9. b3 Nbd7 10. Ba3 Re8 11. Rac1 Rc8 12. Na4 Bf5 13. Qb2 e6 14. Nc3 Bg4 15. Rfd1
Bf8 16. Bxf8 Rxf8 17. Qa3 Re8 18. h3 Bxf3 19. Bxf3 Qe7 20. Qxe7 Rxe7 21. cxd5
exd5 22. Nxd5 Nxd5 23. Bxd5 Nf6 24. Bf3 Rd8 25. b4 Ne4 26. a4 f5 27. g3 Kg7 28.
Rc2 h5 29. h4 Kh6 30. b5 axb5 31. axb5 cxb5 32. Bxe4 Rxe4 33. Rb1 Rd6 34. Rxb5
b6 35. Rc8 Re7 36. Rb8 Ree6 37. Kg2 Kg7 38. Rb2 Kf6 39. Ra2 Rd7 40. Ra6 Rdd6 41.
Rb7 g5 42. hxg5+ Kxg5 43. Raa7 h4 44. gxh4+ Kxh4 45. Kf3 Kg5 46. Ra8 f4 47. Rg8+
Rg6 48. Rxg6+ Rxg6 49. e4 Rc6 50. Rg7+ Kf6 51. Rg2 Rc4 52. d5 Ke5 53. Rg5+ Kd4
54. Kxf4 Kd3 55. f3 b5 56. d6 b4 57. d7 Rd4 58. Rd5 Rxd5 59. exd5 1-0

[Event "SportAccord Blitz Men 2013"]
[Site "Beijing CHN"]
[Date "2013.12.14"]
[Round "1.8"]
[White "Mamedyarov, Shakhriyar"]
[Black "Wang, Yue"]
[Result "1-0"]
[WhiteTitle "GM"]
[BlackTitle "GM"]
[WhiteElo "2757"]
[BlackElo "2723"]
[WhiteFideId "13401319"]
[BlackFideId "8601429"]
[EventDate "2013.12.14"]

1. d4 d5 2. c4 c6 3. Nf3 Nf6 4. Nbd2 g6 5. e3 Bg7 6. Bd3 O-O 7. O-O Bg4 8. b3 e6
9. h3 Bxf3 10. Qxf3 Nbd7 11. Bb2 Re8 12. Rfd1 a6 13. Rac1 Rc8 14. Qe2 Qe7 15. a3
Rcd8 16. b4 e5 17. cxd5 Nxd5 18. Nb3 e4 19. Bb1 f5 20. Ba2 h5 21. Nc5 Nf6 22. a4
Kh7 23. b5 axb5 24. axb5 f4 25. exf4 Nxf4 26. Qe3 N6d5 27. Bxd5 Nxd5 28. Qg3
cxb5 29. Re1 Qd6 30. Qxd6 Rxd6 31. Nxe4 Rdd8 32. Rc5 Kh8 33. Rxb5 Nf6 34. Re5
Nxe4 35. R5xe4 Rxe4 36. Rxe4 Kg8 37. Kf1 Rc8 38. Ke1 Rc2 39. Ba3 b5 40. Bc5 Rb2
41. d5 Rc2 42. Be7 Kf7 43. d6 Bc3+ 44. Kf1 Rd2 45. g4 hxg4 46. Rf4+ Ke6 47. hxg4
b4 48. Rc4 Rd4 49. Rc7 Rxg4 50. Bf8 Rd4 51. Kg2 Rd3 52. Re7+ Kf6 53. d7 b3 54.
Re3 Rxd7 55. Rxc3 Rb7 56. Rc1 b2 57. Rb1 Rb3 58. Kf1 g5 59. Ke2 g4 60. Bd6 Ke6
61. Bf4 Kd5 62. Bh6 g3 63. f3 Kc4 64. Be3 Rb8 65. Kf1 Rb3 66. Ke2 Rb7 67. Bf4
Kb3 68. Be5 Re7 69. f4 Kc4 70. Rxb2 1-0

[Event "SportAccord Blitz Men 2013"]
[Site "Beijing CHN"]
[Date "2013.12.14"]
[Round "2.1"]
[White "Aronian, Levon"]
[Black "Wang, Yue"]
[Result "1/2-1/2"]
[WhiteTitle "GM"]
[BlackTitle "GM"]
[WhiteElo "2803"]
[BlackElo "2723"]
[WhiteFideId "13300474"]
[BlackFideId "8601429"]
[EventDate "2013.12.14"]

1. c4 c6 2. Nf3 d5 3. g3 Nf6 4. Bg2 g6 5. b3 Bg7 6. Bb2 O-O 7. O-O a5 8. d3 Bg4
9. a3 Bxf3 10. Bxf3 Nbd7 11. cxd5 cxd5 12. Nc3 e6 13. d4 Qb6 14. e3 Rfc8 15. Rb1
h5 16. Be2 Ne4 17. Na4 Qd8 18. Qd3 h4 19. Rbc1 Bf8 20. Nc3 Nxc3 21. Rxc3 Rxc3
22. Qxc3 Rc8 23. Qd3 hxg3 24. hxg3 Bd6 25. Rc1 Rxc1+ 26. Bxc1 Nf6 27. Qc2 Kg7
28. a4 Bb4 29. Kg2 Qd6 30. Bb2 Qc6 31. Qxc6 bxc6 32. f3 Kf8 33. Bd3 Ke7 34. Kf2
Nd7 35. g4 Kd6 36. g5 c5 37. Ke2 cxd4 38. Bxd4 e5 39. Bb2 Nc5 40. f4 exf4 41.
exf4 Nxb3 42. f5 gxf5 43. Bxf5 Nc5 44. Bc2 Ne6 45. Bf6 d4 46. Kd3 Bc3 47. Kc4
Bd2 48. g6 fxg6 49. Bxg6 Bc3 50. Bf5 Bb4 51. Bh4 Ke5 52. Bd3 Nf4 53. Bg3 Bd2 54.
Bb1 Bc3 55. Bc2 Bb4 1/2-1/2

[Event "SportAccord Blitz Men 2013"]
[Site "Beijing CHN"]
[Date "2013.12.14"]
[Round "2.2"]
[White "Ivanchuk, Vassily"]
[Black "Mamedyarov, Shakhriyar"]
[Result "1-0"]
[WhiteTitle "GM"]
[BlackTitle "GM"]
[WhiteElo "2731"]
[BlackElo "2757"]
[WhiteFideId "14100010"]
[BlackFideId "13401319"]
[EventDate "2013.12.14"]

1. e4 c6 2. Nc3 d5 3. Nf3 Bg4 4. h3 Bxf3 5. Qxf3 e6 6. d3 Bd6 7. g3 Ne7 8. Bg2
Qb6 9. O-O Nd7 10. Qe2 Bxg3 11. Be3 d4 12. fxg3 dxe3 13. Nd1 O-O 14. c3 f5 15.
Nxe3 fxe4 16. Bxe4 Nf5 17. Bxf5 exf5 18. d4 Rae8 19. Qc4+ Kh8 20. Nxf5 c5 21.
dxc5 Nxc5 22. Qd4 Rf6 23. Rae1 Rd8 24. Qe3 h6 25. b4 Na4 26. Qxb6 axb6 27. Re3
Rc8 28. Nd4 Rxf1+ 29. Kxf1 Nxc3 30. a3 Nb1 31. Nb5 Rd8 32. Ke2 Rd2+ 33. Kf3 Kh7
34. h4 Ra2 35. Rd3 Nd2+ 36. Ke3 Nf1+ 37. Kf4 Rc2 38. Nd4 Rc4 39. Ke5 Nh2 40. Kd5
Rc8 41. Ne6 Rc1 42. Kd6 Nf1 43. Ke7 Re1 44. Kf7 Re2 45. Nf8+ Kh8 46. Ne6 Rf2+
47. Ke7 Re2 48. h5 Kh7 49. Kf7 Rf2+ 50. Ke7 Re2 51. Kd7 g6 52. hxg6+ Kxg6 53.
Nf4+ 1-0

[Event "SportAccord Blitz Men 2013"]
[Site "Beijing CHN"]
[Date "2013.12.14"]
[Round "2.3"]
[White "Karjakin, Sergey"]
[Black "Nepomniachtchi, Ian"]
[Result "1-0"]
[WhiteTitle "GM"]
[BlackTitle "GM"]
[WhiteElo "2756"]
[BlackElo "2721"]
[WhiteFideId "14109603"]
[BlackFideId "4168119"]
[EventDate "2013.12.14"]

1. e4 e6 2. d4 d5 3. Nc3 Bb4 4. e5 Ne7 5. a3 Bxc3+ 6. bxc3 c5 7. Qg4 Qc7 8. Qxg7
Rg8 9. Qxh7 cxd4 10. Ne2 Nbc6 11. f4 dxc3 12. Qd3 d4 13. Ng3 Bd7 14. Rb1 O-O-O
15. Be2 Kb8 16. O-O Bc8 17. Ne4 Nf5 18. a4 Ka8 19. Bf3 Nh4 20. Ba3 Qa5 21. Bd6
Nxf3+ 22. Qxf3 b6 23. Bc7 Bb7 24. Bxd8 Nxd8 25. Rf2 Qxa4 26. Qd3 Qc6 27. Re1 Qd5
28. Ree2 Rh8 29. Nf6 Qc5 30. Re1 Nc6 31. Rd1 a5 32. Ne4 Qd5 33. Nd6 f5 34. Rb1
Nb4 35. Qg3 d3 36. cxd3 c2 37. Rc1 Nxd3 38. Rfxc2 Nxc1 39. Rxc1 Qd2 40. Rf1 Bd5
41. h3 a4 42. Kh2 Qb2 43. Rd1 Bc6 44. Rd3 Rb8 45. Rc3 Bd5 46. Rc7 Qd2 47. Nb5
Rh8 48. Ra7+ Kb8 49. Rxa4 Qe2 50. Nd6 Qc2 51. Ra3 Qc5 52. Ra1 Qd4 53. Rc1 Qd2
54. Rb1 Bxg2 55. Qxg2 Qxf4+ 56. Kh1 Rh7 57. Qg8+ Kc7 58. Qxh7+ Kc6 59. Qb7+ 1-0

[Event "SportAccord Blitz Men 2013"]
[Site "Beijing CHN"]
[Date "2013.12.14"]
[Round "2.4"]
[White "Radjabov, Teimour"]
[Black "Grischuk, Alexander"]
[Result "1/2-1/2"]
[WhiteTitle "GM"]
[BlackTitle "GM"]
[WhiteElo "2713"]
[BlackElo "2783"]
[WhiteFideId "13400924"]
[BlackFideId "4126025"]
[EventDate "2013.12.14"]

1. Nf3 c5 2. c4 Nc6 3. Nc3 e5 4. g3 g6 5. Bg2 Bg7 6. a3 Nge7 7. d3 d6 8. O-O O-O
9. Rb1 a5 10. Ne1 Be6 11. Nc2 d5 12. cxd5 Nxd5 13. Ne3 Nde7 14. Nc4 h6 15. Be3
b6 16. Qa4 Bd7 17. Qd1 Rb8 18. f4 Nf5 19. Bd2 b5 20. Nxe5 Nxe5 21. fxe5 Bxe5 22.
Kh1 Be6 23. Ne4 Bd4 24. Qe1 Ne3 25. Bxe3 Bxe3 26. Qc3 Bd4 27. Qc1 c4 28. Qxh6
Bg7 29. Qf4 cxd3 30. exd3 Qxd3 31. Rbd1 Qe2 32. Nf6+ Bxf6 33. Qxf6 Rbc8 34. Rde1
Qh5 35. Re5 Qh7 36. Rxb5 a4 37. Rb4 Bb3 38. Rbf4 Qg7 39. Qxg7+ Kxg7 40. R4f2 f5
41. Bf3 Rfd8 42. Kg1 Rd4 43. Re1 Rcd8 44. h4 Kf6 45. Rfe2 Bc4 46. Rc2 Bb3 47.
Rce2 Bc4 48. Rc2 Bb3 49. Rc6+ R8d6 50. Rxd6+ Rxd6 51. Kf2 Rd3 52. Re3 Rd2+ 53.
Re2 Rd3 54. Bg2 g5 55. hxg5+ Kxg5 56. Re3 Rd2+ 57. Re2 Rd3 58. Re3 Rd2+ 1/2-1/2

[Event "SportAccord Blitz Men 2013"]
[Site "Beijing CHN"]
[Date "2013.12.14"]
[Round "2.6"]
[White "Giri, Anish"]
[Black "Kamsky, Gata"]
[Result "0-1"]
[WhiteTitle "GM"]
[BlackTitle "GM"]
[WhiteElo "2734"]
[BlackElo "2721"]
[WhiteFideId "24116068"]
[BlackFideId "2000024"]
[EventDate "2013.12.14"]

1. d4 d5 2. c4 c6 3. Nf3 Nf6 4. Nc3 a6 5. e3 Bf5 6. Bd3 Bg6 7. O-O e6 8. b3 Nbd7
9. h3 Bd6 10. Bxg6 hxg6 11. Qd3 b5 12. e4 dxc4 13. bxc4 e5 14. Rd1 O-O 15. Qe2
exd4 16. Nxd4 Qc7 17. Bb2 b4 18. Nb1 Rfe8 19. Nd2 Nc5 20. f3 Be5 21. Rac1 Nh5
22. Nf1 Nf4 23. Qe3 a5 24. Ba1 a4 25. Nc2 Bxa1 26. Rxa1 b3 27. axb3 axb3 28.
Rxa8 Rxa8 29. Nb4 Qb6 30. Rb1 Qxb4 31. Qxf4 Qxc4 32. Qe3 Ra2 33. Rd1 Qe2 34.
Rd8+ Kh7 35. Qg5 Qf2+ 36. Kh2 Ne6 0-1

[Event "SportAccord Blitz Men 2013"]
[Site "Beijing CHN"]
[Date "2013.12.14"]
[Round "2.7"]
[White "Vachier-Lagrave, Maxime"]
[Black "Leko, Peter"]
[Result "1/2-1/2"]
[WhiteTitle "GM"]
[BlackTitle "GM"]
[WhiteElo "2745"]
[BlackElo "2730"]
[WhiteFideId "623539"]
[BlackFideId "703303"]
[EventDate "2013.12.14"]

1. d4 Nf6 2. Nf3 e6 3. g3 d5 4. Bg2 Be7 5. O-O O-O 6. Nbd2 b5 7. b3 Nbd7 8. Bb2
Bb7 9. e3 c5 10. dxc5 Nxc5 11. Qe2 b4 12. Rfd1 a5 13. Ne5 Qb6 14. c4 bxc3 15.
Bxc3 Rfc8 16. Bd4 Qa6 17. Qf3 Ncd7 18. Rac1 Nxe5 19. Bxe5 Qb6 20. Qf4 Qb4 21.
Nf3 Qxf4 22. gxf4 Ne4 23. Bb2 Bb4 24. Nd4 Nc3 25. Bxc3 Bxc3 26. Nb5 Bb4 27. f5
Rxc1 28. Rxc1 Rc8 29. Rxc8+ Bxc8 30. fxe6 fxe6 31. f4 Bd7 32. Nd4 Kf7 33. Kf2
Kf6 34. Bf1 g5 35. fxg5+ Kxg5 36. Bb5 Bc8 37. Nc6 Kf6 38. a3 Bxa3 39. Nxa5 Ke5
40. Bd3 h6 41. Nc6+ Kd6 42. Na7 Bd7 43. Nb5+ Bxb5 44. Bxb5 Bc5 45. Kf3 Ke5 46.
Bd3 Kf6 47. h3 Bb4 48. Bc2 Bc5 49. Bd3 Bb4 50. Bc2 Bc5 1/2-1/2

[Event "SportAccord Blitz Men 2013"]
[Site "Beijing CHN"]
[Date "2013.12.14"]
[Round "2.8"]
[White "Ponomariov, Ruslan"]
[Black "Wang, Hao"]
[Result "1-0"]
[WhiteTitle "GM"]
[BlackTitle "GM"]
[WhiteElo "2731"]
[BlackElo "2735"]
[WhiteFideId "14103320"]
[BlackFideId "8602883"]
[EventDate "2013.12.14"]

1. e4 e5 2. Nf3 Nf6 3. d4 Nxe4 4. Bd3 d5 5. dxe5 Nc5 6. Be2 Be7 7. O-O O-O 8.
Be3 c6 9. c4 dxc4 10. Bxc4 Be6 11. Bxe6 Nxe6 12. Qc2 Na6 13. Nc3 Nb4 14. Qb3 Qc7
15. a3 Nd3 16. Nb5 cxb5 17. Qxd3 a6 18. Rac1 Qd8 19. Qe4 Qb8 20. Nd4 Nxd4 21.
Bxd4 Rd8 22. f4 Rc8 23. e6 Qd6 24. exf7+ Kxf7 25. Rxc8 Rxc8 26. Qf5+ Bf6 27.
Bxf6 1-0

[Event "SportAccord Blitz Men 2013"]
[Site "Beijing CHN"]
[Date "2013.12.14"]
[Round "3.1"]
[White "Wang, Hao"]
[Black "Aronian, Levon"]
[Result "0-1"]
[WhiteTitle "GM"]
[BlackTitle "GM"]
[WhiteElo "2735"]
[BlackElo "2803"]
[WhiteFideId "8602883"]
[BlackFideId "13300474"]
[EventDate "2013.12.14"]

1. d4 Nf6 2. c4 e6 3. Nf3 d5 4. Nc3 c6 5. Bg5 dxc4 6. e4 b5 7. e5 h6 8. Bh4 g5
9. Nxg5 hxg5 10. Bxg5 Be7 11. exf6 Bxf6 12. Bxf6 Qxf6 13. a4 Bb7 14. axb5 Rh4
15. Bxc4 c5 16. b6 Rxd4 17. Bb5+ Ke7 18. Qe2 axb6 19. O-O Qg5 20. g3 Rd2 21.
Rxa8 Bxa8 22. Qe1 Qf6 23. Qe3 Qf3 24. Qxf3 Bxf3 25. Rb1 Nc6 26. Bxc6 Bxc6 27. g4
b5 28. b4 cxb4 29. Rxb4 Rd3 30. Ne4 Rd1+ 31. Kg2 f5 32. gxf5 exf5 0-1

[Event "SportAccord Blitz Men 2013"]
[Site "Beijing CHN"]
[Date "2013.12.14"]
[Round "3.2"]
[White "Leko, Peter"]
[Black "Ponomariov, Ruslan"]
[Result "1/2-1/2"]
[WhiteTitle "GM"]
[BlackTitle "GM"]
[WhiteElo "2730"]
[BlackElo "2731"]
[WhiteFideId "703303"]
[BlackFideId "14103320"]
[EventDate "2013.12.14"]

1. e4 e5 2. Nf3 Nc6 3. Bb5 Nf6 4. O-O Nxe4 5. Re1 Nd6 6. Nxe5 Be7 7. Bf1 Nxe5 8.
Rxe5 O-O 9. Nc3 Bf6 10. Re1 Re8 11. Rxe8+ Nxe8 12. Nd5 Bg5 13. c4 c6 14. Nc3 d6
15. d4 Bxc1 16. Rxc1 Nf6 17. Qd2 h6 18. h3 Bf5 19. b4 Qd7 20. Re1 Bg6 21. a3 Kf8
22. g3 d5 23. c5 Ne4 24. Qe3 Re8 25. h4 f6 26. Nxe4 dxe4 27. Bg2 Bf7 28. Qf4 Bd5
29. Kh2 Qe6 30. Bh3 Qf7 31. Re3 g5 32. Qf5 Kg7 33. Bg2 Qg6 34. Bh3 Qf7 35. Bg2
Qg6 36. Bh3 Qf7 1/2-1/2

[Event "SportAccord Blitz Men 2013"]
[Site "Beijing CHN"]
[Date "2013.12.14"]
[Round "3.3"]
[White "Kamsky, Gata"]
[Black "Vachier-Lagrave, Maxime"]
[Result "0-1"]
[WhiteTitle "GM"]
[BlackTitle "GM"]
[WhiteElo "2721"]
[BlackElo "2745"]
[WhiteFideId "2000024"]
[BlackFideId "623539"]
[EventDate "2013.12.14"]

1. d4 Nf6 2. c3 g6 3. Nf3 Bg7 4. Bg5 O-O 5. Nbd2 d5 6. e3 Bf5 7. Be2 c6 8. O-O
Nbd7 9. Qb3 Qb6 10. c4 Rfe8 11. Rfc1 Be6 12. h3 h6 13. Bf4 c5 14. Qa3 Rac8 15.
dxc5 Nxc5 16. b4 Qa6 17. Qxa6 Nxa6 18. a3 Ne4 19. Rab1 Nc3 20. Rxc3 Bxc3 21. c5
g5 22. Bxa6 bxa6 23. Be5 Bxd2 24. Nxd2 Bf5 25. Rc1 f6 26. Bb2 Bd3 27. Nb3 e5 28.
Na5 Bb5 29. Nb7 Re6 30. Rd1 Bc6 31. Nd6 Rd8 32. f3 Rexd6 33. cxd6 Rxd6 34. Rc1
Kf7 35. Kf2 Ke6 36. Rc5 Kd7 37. Ke1 Bb5 38. Rc1 Bc4 39. Kd2 Kc6 40. h4 Kb5 41.
hxg5 hxg5 42. Rh1 Ka4 43. Rh6 Re6 44. Kc2 Bb5 45. Bc1 Rc6+ 46. Kd2 Kb3 47. Kd1
Kc3 0-1

[Event "SportAccord Blitz Men 2013"]
[Site "Beijing CHN"]
[Date "2013.12.14"]
[Round "3.4"]
[White "Le, Quang Liem"]
[Black "Giri, Anish"]
[Result "1-0"]
[WhiteTitle "GM"]
[BlackTitle "GM"]
[WhiteElo "2703"]
[BlackElo "2734"]
[WhiteFideId "12401137"]
[BlackFideId "24116068"]
[EventDate "2013.12.14"]

1. Nf3 g6 2. g3 Bg7 3. Bg2 c5 4. O-O Nc6 5. c4 e6 6. Nc3 Nge7 7. e3 O-O 8. d4
cxd4 9. Nxd4 d5 10. cxd5 Nxd4 11. exd4 Nxd5 12. Nxd5 exd5 13. Be3 Be6 14. Qb3
Qd7 15. Rac1 Rfc8 16. h4 h5 17. a3 Kh7 18. Kh2 Kg8 19. Rfd1 Kh7 20. Re1 b6 21.
Bf1 Rxc1 22. Rxc1 Rc8 23. Bb5 Qb7 24. Rc3 Kg8 25. Qc2 Rxc3 26. Qxc3 Qc8 27.
Qxc8+ Bxc8 28. Bc6 Be6 29. Kg2 Kf8 30. Kf1 Ke7 31. Ke2 Kd6 32. Bb5 Bd7 33. Bd3
Ba4 34. Kd2 Kc6 35. Kc3 Bb5 36. Bc2 a5 37. Bf4 Bf8 38. Bd1 Bf1 39. Ba4+ b5 40.
Bd1 b4+ 41. axb4 Bxb4+ 42. Kc2 Bh3 43. Be2 Bd7 44. Bd2 Bf5+ 45. Kc1 Bxd2+ 46.
Kxd2 Bd7 47. Ke3 Kd6 48. Kf4 f6 49. Bd3 Be8 50. f3 Ke7 51. g4 Kd6 52. gxh5 gxh5
53. Bh7 Ke7 54. Kf5 Bb5 55. Kg6 Be2 56. f4 Bg4 57. Kh6 a4 58. Bc2 Ke6 59. Kg6
Bf3 60. f5+ 1-0